01011nam a2200265 a 4500008004100000020002200041245013000063250001200193260004400205300002900249440004000278500002300318504004100341500002000382500009100402650006400493700003300557700001800590700001500608700002100623710007400644003000100718005001700719040000900736  a0435516086 (pbk.)00aDiscrete mathematics /cwriters David Burghes ... [et al.] ; editor Nigel Price ; assistant editors Ann Ault, Peter Gwilliam. a2nd ed. aOxford :bHeinemann Educational,c1994. a285 p. :bill. ;c27 cm. 0aAEB mathematics for AS and A-Level. aPrevious ed.:1992. aIncludes bibliographical references. aIncludes index. aAt head of title: Centre for Innovation in Mathematics Teaching, University of Exeter. 0aMathematicsxStudy and teaching (Secondary)zGreat Britain.1 aBurghes, D. N.q(David Noel)1 aPrice, Nigel.1 aAult, Ann.1 aGwilliam, Peter.2 aUniversity of Exeter.bCentre for Innovation in Mathematics Teaching.20230123133434.0 cNUST